000 00473nam a2200205Ia 4500
005 20240823014006.0
008 240823s9999||||xx |||||||||||||| ||und||
020 _a81-224-0411-1
041 _aENGLISH
082 _A624.1 P1
100 _aGahlot P S
245 0 _aConstruction : Planning and Management
250 _a1st
260 _c2001
_b"New Age,New"
500 _aYES
650 _aPlanning
_bCivil
700 _a Dhir B M
942 _cBK
999 _c168812
_d168812